<?xml version="1.0" encoding="UTF-8"?>
<record
    xmlns:xsi="http://www.w3.org/2001/XMLSchema-instance"
    xsi:schemaLocation="http://www.loc.gov/MARC21/slim http://www.loc.gov/standards/marcxml/schema/MARC21slim.xsd"
    xmlns="http://www.loc.gov/MARC21/slim">

  <leader>00663nam a22001931a 4500</leader>
  <controlfield tag="001">1829</controlfield>
  <controlfield tag="003">OSt</controlfield>
  <controlfield tag="005">20260204211748.0</controlfield>
  <controlfield tag="008">040122s2002||||dr ||||||b||||||||||spa||</controlfield>
  <datafield tag="050" ind1=" " ind2=" ">
    <subfield code="a">RD 303.33 V438p</subfield>
  </datafield>
  <datafield tag="082" ind1=" " ind2=" ">
    <subfield code="a">RD303.33 V438p SDT.13</subfield>
  </datafield>
  <datafield tag="100" ind1=" " ind2=" ">
    <subfield code="a">Verdesoto, Lu&#xED;s</subfield>
  </datafield>
  <datafield tag="245" ind1=" " ind2=" ">
    <subfield code="a">Pol&#xED;ticas p&#xFA;blicas de est&#xED;mulo al control social de la gesti&#xF3;n p&#xFA;blica: dimensiones conceptuales / Luis Verdesoto</subfield>
  </datafield>
  <datafield tag="264" ind1=" " ind2=" ">
    <subfield code="a">Santo Domingo : INTEC</subfield>
  </datafield>
  <datafield tag="300" ind1=" " ind2=" ">
    <subfield code="a">88 p.</subfield>
  </datafield>
  <datafield tag="490" ind1=" " ind2=" ">
    <subfield code="a">Colecci&#xF3;n Sociedad Civil Serie Documentos de Traba 13</subfield>
  </datafield>
  <datafield tag="650" ind1=" " ind2=" ">
    <subfield code="a">1.Control Social  2.Participaci&#xF3;n Social  3.Sociedad Civil - Rep&#xFA;blica Dominicana&#xCC;</subfield>
  </datafield>
  <datafield tag="942" ind1=" " ind2=" ">
    <subfield code="2">ddc</subfield>
    <subfield code="c">BK</subfield>
  </datafield>
  <datafield tag="999" ind1=" " ind2=" ">
    <subfield code="c">1829</subfield>
    <subfield code="d">1829</subfield>
  </datafield>
  <datafield tag="952" ind1=" " ind2=" ">
    <subfield code="0">0</subfield>
    <subfield code="1">0</subfield>
    <subfield code="2">ddc</subfield>
    <subfield code="4">0</subfield>
    <subfield code="7">0</subfield>
    <subfield code="b">BU</subfield>
    <subfield code="d">2019-09-09</subfield>
    <subfield code="l">0</subfield>
    <subfield code="o">RD 303.33 V438P</subfield>
    <subfield code="p">006116</subfield>
    <subfield code="r">2019-09-09 00:00:00</subfield>
    <subfield code="w">2019-09-09</subfield>
    <subfield code="y">BK</subfield>
  </datafield>
</record>
